| 000 | 01038nam a2200217Ia 4500 | ||
|---|---|---|---|
| 008 | 220216s9999 xx 000 0 und d | ||
| 100 | _aIdu M | ||
| 245 | 0 | _aAnatomy of attachment of the root parasite Thonningia sanguinea vahl on Hevea brasiliensis | |
| 260 |
_bIndian Journal of Natural Rubber Research _c2002 |
||
| 300 | _a33-35 | ||
| 520 | _aThonningia sanguinea Vahl was observed to develop tyloses internally, as a result of intrusion of the host Hevea brasiliensis into its tissues. The tissues were also squeezed and xylem cells split off into strands. At the point of contact between T. sanguinea and the host plant, enlarged tissues (galls) developed. Ecologically, the plant is hazardous to rubber as it dominates the plantation floor. | ||
| 650 | _aHevea brasiliensis | ||
| 650 | _aHevea brasiliensis | ||
| 650 | _aRoot parasite attachment | ||
| 650 | _aRoot parasite attachment | ||
| 650 | _aThonningia sanguinea | ||
| 650 | _aThonningia sanguinea | ||
| 700 | _aAkpaja E O | ||
| 700 | _aBegho E R | ||
| 942 | _cAR | ||
| 999 |
_c47193 _d47193 |
||